Представление документа в формате MARC21

Поле Инд. ПП Название Значение
Тип записи a
Библиографический уровень a
001 Контрольный номер RU/IS/BASE/262109784
005 Дата корректировки 20240111095559.2
084 a Индекс другой классификации/Индекс ББК 81.008
090 00 a Полочн. индекс 81я43
x Авторский знак П 781
097 00 a 230
100 10 a Автор Журавлев В. К.
245 00 a Заглавие Современные проблемы реконструкции праязыка
650 04 a Основная рубрика филологические науки; языкознание
653 00 a Ключевые слова диалектное членение
a Ключевые слова индоевропейский праязык
a Ключевые слова методология языкознания
a Ключевые слова праязык
a Ключевые слова развитие праязыка
a Ключевые слова реконструкция праязыка
a Ключевые слова реконструкция праязыкового текста
a Ключевые слова славянский праязык
a Ключевые слова сравнительная грамматика
a Ключевые слова сравнительно-историческая лингвистика
773 00 d Дата издания источника Москва, 1967
g Прочая информация С. 255-260
t Заглавие источника Проблемы языкознания
w Контрольный № источника RU/IS/BASE/102085341
901 t Тип документа a